LEADER 00902nam a2200193 4500 001 000000354057 003 CaOOAMICUS 005 20230607092123.0 008 230607s1912 it a 000 u ita r 040 $aSeMil$bita 245 00$a1: Dalla 1. Domenica d'Avvento alla 8. Domenica dopo Pentecoste . 264 1$aMilano :$bRomolo Ghirlanda,$cimpr. 1912. 300 $aVIII, 361 p., 1 carta di tav. :$bill. ;$c19 cm 773 0 $aBrenna, Egidio $tSermoni sui Vangeli domenicali secondo i riti romano e ambrosiano.$dMilano : Romolo Ghirlanda, impr. 1912.$g1$w()354056 850 $aSeMil 852 $aSeMil$W1$xVenegono$y1$m3F I 545/1$j241174$B245286$CSeMilBibl$Z2$F245286 $81 996 $6245$a1: Dalla 1. Domenica d'Avvento alla 8. Domenica dopo Pentecoste $9(OLS)http://semarc/title/444200 996 $6264$aMilano :$bRomolo Ghirlanda$9(OLS)http://semarc/publisher/33465 LEADER 01155nam a2200253 i 4500 001 000000069204 003 CaOOAMICUS 005 20100825000000.0 008 100825s1974 gw u000 u ger u 013 $a40376 040 $aSeMil$bita 100 1 $aBeck, Lewis White.$0(OLS)http://semarc/name/34584 245 10$aKants Kritik der praktischen Vernunft :$bein Kommentar /$cLewis White Beck ; ins deutsche übersetzt von Karl-Heinz Ilting. 260 $aMünchen :$bWilhelm Fink,$c1974. 300 $a325 p. ;$c21 cm. 490 0 $aKritische Information ;$v19 650 4$aKant, Immanuel <1724-1804> . Kritik der praktischen Vernunft.$0(OLS)http://semarc/subject/13718 700 1 $aIlting, Karl-Heinz <1925->.$0(OLS)http://semarc/name/34346 830 0$aKritische Information ;$v19.$0(OLS)http://semarc/title/7899 850 $aSeMil 852 $aSeMil$W1$xVenegono$y1$m2P III 846$j212269$B35357$CSeMilBibl$Z2$F35360 $81 961 $aLascito: Madaschi don Dario 996 $6245$aKants Kritik der praktischen Vernunft :$bein Kommentar$9(OLS)http://semarc/title/110731 996 $6260$aMünchen :$bWilhelm Fink$9(OLS)http://semarc/publisher/31566